Egy Szeged-környéki zárt lelet feldolgozása Deszk-A-temető : jelige : Per aspera ad astra!"

Elmentve itt :
Bibliográfiai részletek
Dokumentumtípus: Kézirat
Megjelent: 1939
Kulcsszavak:Régészet - leletek - Magyarország - bronzkor - regionális, Temetkezési szokások - magyar, Deszk
Tárgyszavak:
Online Access:http://misc.bibl.u-szeged.hu/55839
LEADER 00737ntm a2200181 i 4500
001 misc55839
005 20200511121801.0
008 200511s1939 hu o 0|| hun d
040 |a SZTE Miscellanea Repozitórium  |b hun 
041 |a hun 
245 0 0 |a Egy Szeged-környéki zárt lelet feldolgozása   |h [elektronikus dokumentum] :  |b Deszk-A-temető : jelige : Per aspera ad astra!" 
260 |c 1939 
300 |a 128 lev. 
650 4 |a Bölcsészettudományok 
650 4 |a Történettudomány és régészet 
650 4 |a Régészet 
695 |a Régészet - leletek - Magyarország - bronzkor - regionális, Temetkezési szokások - magyar, Deszk 
856 4 0 |u http://misc.bibl.u-szeged.hu/55839/1/misc_1939_egy_szeged_kornyeki.pdf  |z Dokumentum-elérés